header

iOS 6 programming (Record no. 64899)

MARC details
000 -LEADER
fixed length control field 01642nam a2200385 a 4500
082 04 - DEWEY DECIMAL CLASSIFICATION NUMBER
Classification number 005.446
100 1# - MAIN ENTRY--AUTHOR NAME
Personal name Napier, Rob.
245 10 - TITLE STATEMENT
Title iOS 6 programming
260 ## - PUBLICATION, DISTRIBUTION, ETC. (IMPRINT)
Place of publication Chichester, West Sussex :
Name of publisher Wiley,
Year of publication 2013.
300 ## - PHYSICAL DESCRIPTION
Number of Pages xviii, 534 p. :
Other physical details ill.
505 0# - FORMATTED CONTENTS NOTE
Formatted contents note pt. I. What's new? -- pt. II. Getting the most out of everyday tools -- pt. III. The right tool for the job -- pt. IV. Pushing the limits.
650 #0 - SUBJECT ADDED ENTRY--TOPICAL TERM
Topical Term iPhone (Smartphone)
Topical Term iPad (Computer)
Topical Term iPod touch (Digital music player)
Topical Term Cell phones
Topical Term Mobile computing.
700 1# - ADDED ENTRY--PERSONAL NAME
Personal name Kumar, Mugunth.
856 40 - ELECTRONIC LOCATION AND ACCESS
Uniform Resource Identifier http://site.ebrary.com/lib/rucke/Doc?id=10657829

No items available.

© 2026 Rongo University
Contact us: librarian | system librarian | Rongo university